| 000 | 00442nam a2200181 a 4500 | ||
|---|---|---|---|
| 001 | 10772 | ||
| 003 | CO-ViMGA | ||
| 008 | 141112s2004 ck r 000 u spa d | ||
| 020 | _a958.6333213 | ||
| 040 |
_aCO-ViMGA _bspa _cCO-ViMGA |
||
| 082 | 0 | 4 | _a843 B374o |
| 100 | 1 |
_aBergerac, Cyrano de _914743 |
|
| 245 | 1 | 0 | _aEl Otro mundo |
| 260 | _aBogotá Rei Andes.1997. | ||
| 300 | _a188.p.il. | ||
| 650 | 1 | 4 |
_aNOVELA FRANCESA _92629 |
| 942 |
_2ddc _cBK |
||
| 999 |
_c22022 _d22022 |
||